[Event "GER-chT U16"]
[Site "Magdeburg"]
[Date "2023.12.28"]
[Round "3.10"]
[White "Buerger, Theodor"]
[Black "Pichl, Christoph"]
[Result "0-1"]
[WhiteElo "1514"]
[BlackElo "1680"]
[PlyCount "84"]
[EventDate "2023.12.26"]
[EventType "team-swiss"]
[EventRounds "7"]
[EventCountry "GER"]
[SourceTitle "CB03_2024"]
[SourceDate "2024.01.17"]
[SourceVersion "1"]
[SourceVersionDate "2024.01.17"]
[SourceQuality "1"]
[WhiteTeam "Regensburg Bavaria"]
[BlackTeam "Bad Homburg"]
[WhiteTeamCountry "GER"]
[BlackTeamCountry "GER"]

1. e4 e6 2. d4 d5 3. exd5 exd5 4. Qf3 Nf6 5. h3 h6 6. Bd3 Bd6 7. Ne2 Nc6 8. 0-0 Nb4 9. c3 Nxd3 10. Qxd3 0-0 11. Nf4 c6 12. Be3 Qc7 13. Ne2 Ne4 14. Nd2 Re8 15. Nxe4 Rxe4 16. c4 Re6 17. c5 Bf8 18. Bf4 Qd8 19. Bg3 b6 20. b4 a5 21. a3 Ba6 22. Qb1 Bxe2 23. Rc1 b5 24. f4 Qe8 25. Qb2 Bd3 26. Qd2 Be4 27. bxa5 Qd8 28. Rf1 Rg6 29. Qe3 f5 30. Ra2 Rxa5 31. Qe1 Be7 32. Qe3 Bf6 33. Rd1 Ra4 34. Rad2 Qa5 35. Bh2 Rxa3 36. Qe1 Qc3 37. g3 Bh4 38. Kf1 Qf3+ 39. Rf2 Qh1+ 40. Ke2 Ra2+ 41. Rd2 Bf3+ 42. Rxf3 Re6+ 0-1

[Event "GER-chT U16"]
[Site "Magdeburg"]
[Date "2023.12.28"]
[Round "4.8"]
[White "Pichl, Christoph"]
[Black "Borgstaedt, Leif Jona"]
[Result "0-1"]
[WhiteElo "1680"]
[BlackElo "1442"]
[PlyCount "76"]
[EventDate "2023.12.26"]
[EventType "team-swiss"]
[EventRounds "7"]
[EventCountry "GER"]
[SourceTitle "CB03_2024"]
[SourceDate "2024.01.17"]
[SourceVersion "1"]
[SourceVersionDate "2024.01.17"]
[SourceQuality "1"]
[WhiteTeam "Bad Homburg"]
[BlackTeam "Bielefeld"]
[WhiteTeamCountry "GER"]
[BlackTeamCountry "GER"]

1. d4 d5 2. Nf3 Nf6 3. c3 c5 4. dxc5 e6 5. Be3 Ne4 6. b4 Bd7 7. g3 a5 8. Qb3 axb4 9. cxb4 Be7 10. Nc3 Bf6 11. Bd4 Nc6 12. Nb5 Nxd4 13. Nbxd4 Bxd4 14. Nxd4 Qf6 15. 0-0-0 Nxf2 16. Bg2 Nxh1 17. Bxh1 Ba4 18. Qa3 0-0 19. Nb3 Bxb3 20. Qxb3 Qa1+ 21. Kd2 Qxa2+ 22. Qxa2 Rxa2+ 23. Ke3 Rb2 24. Rd4 Ra8 25. Bf3 g6 26. g4 Ra4 27. Kf4 Rbxb4 28. Rxb4 Rxb4+ 29. Ke5 Kf8 30. Kd6 Rc4 31. h3 Ke8 32. Bh1 Kd8 33. Bf3 Rc2 34. h4 h6 35. e4 d4 36. e5 d3 37. g5 h5 38. c6 Rxc6+ 0-1

[Event "Rhein Main op-B 25th"]
[Site "Bad Homburg"]
[Date "2023.06.11"]
[Round "7"]
[White "Moldenhauer, Lennart"]
[Black "Pichl, Christoph"]
[Result "1-0"]
[WhiteElo "1530"]
[BlackElo "1717"]
[PlyCount "63"]
[EventDate "2023.06.07"]
[EventType "swiss"]
[EventRounds "7"]
[EventCountry "GER"]
[SourceTitle "CBM 215 Extra"]
[Source "ChessBase"]
[SourceDate "2023.09.30"]
[SourceVersion "1"]
[SourceVersionDate "2023.09.30"]
[SourceQuality "1"]

1. e4 c6 2. d4 d5 3. f3 dxe4 4. fxe4 e5 5. Nf3 Nd7 6. Bc4 Ngf6 7. Ng5 exd4 8. Nxf7 Qa5+ 9. Bd2 Qc5 10. Bb3 Ne5 11. Nxe5 Qxe5 12. 0-0 Bg4 13. Qe1 0-0-0 14. Bf4 Qc5 15. Nd2 Re8 16. e5 d3+ 17. Kh1 Nd5 18. Ne4 Qb6 19. Qg3 Be6 20. Qxd3 Be7 21. Bg3 Qc7 22. Qd2 Rhf8 23. Rae1 Kb8 24. Nd6 Bxd6 25. exd6 Qd7 26. Rxf8 Rxf8 27. Kg1 h5 28. c4 Nf6 29. Rxe6 h4 30. Re7 Qd8 31. Bxh4 Qb6+ 32. Qe3 1-0

[Event "Rhein Main op-B 25th"]
[Site "Bad Homburg"]
[Date "2023.06.10"]
[Round "5"]
[White "Bruno, Claudio"]
[Black "Pichl, Christoph"]
[Result "1/2-1/2"]
[WhiteElo "1550"]
[BlackElo "1717"]
[PlyCount "83"]
[EventDate "2023.06.07"]
[EventType "swiss"]
[EventRounds "7"]
[EventCountry "GER"]
[SourceTitle "CBM 215 Extra"]
[Source "ChessBase"]
[SourceDate "2023.09.30"]
[SourceVersion "1"]
[SourceVersionDate "2023.09.30"]
[SourceQuality "1"]

1. d4 d5 2. c4 dxc4 3. e3 Nf6 4. Bxc4 e6 5. Nc3 c5 6. Nf3 a6 7. dxc5 Qxd1+ 8. Nxd1 Bxc5 9. a3 b5 10. Be2 Bb7 11. b4 Bd6 12. Bb2 Ke7 13. 0-0 Nbd7 14. Nc3 Nb6 15. Rac1 Rhd8 16. Rc2 Rac8 17. Rfc1 Ne4 18. Nxe4 Rxc2 19. Rxc2 Bxe4 20. Rc1 f6 21. Bd4 Rc8 22. Rxc8 Nxc8 23. Nd2 Bd5 24. e4 Bb7 25. f3 Bc7 26. Nb3 Bb6 27. Bc5+ Bxc5+ 28. Nxc5 Nd6 29. Kf2 Bc8 30. Ke3 Nf7 31. f4 Kd6 32. Bd1 Nd8 33. Bb3 Nc6 34. Bd1 a5 35. Nd3 axb4 36. Nxb4 Nxb4 37. axb4 e5 38. f5 g6 39. g4 Bd7 40. h4 Ke7 41. h5 Kf7 42. h6 1/2-1/2

[Event "Rhein Main op-B 25th"]
[Site "Bad Homburg"]
[Date "2023.06.08"]
[Round "3"]
[White "Edwards, Benedict"]
[Black "Pichl, Christoph"]
[Result "1-0"]
[WhiteElo "1609"]
[BlackElo "1717"]
[PlyCount "43"]
[EventDate "2023.06.07"]
[EventType "swiss"]
[EventRounds "7"]
[EventCountry "GER"]
[SourceTitle "CBM 215 Extra"]
[Source "ChessBase"]
[SourceDate "2023.09.30"]
[SourceVersion "1"]
[SourceVersionDate "2023.09.30"]
[SourceQuality "1"]

1. d4 d5 2. c4 dxc4 3. e4 Nf6 4. e5 Nd5 5. Bxc4 e6 6. Nf3 c5 7. 0-0 Nc6 8. Bg5 Be7 9. Bxe7 Qxe7 10. dxc5 Qxc5 11. Bb3 0-0 12. Nbd2 Rd8 13. Bc2 Ndb4 14. Bxh7+ Kxh7 15. Ng5+ Kg6 16. Qg4 Qd4 17. Nde4 Nxe5 18. Qh4 Kf5 19. Qh7+ g6 20. Qh3+ Ng4 21. Qf3+ Ke5 22. Nxf7+ 1-0

[Event "GER-chT U14"]
[Site "Willingen"]
[Date "2022.08.15"]
[Round "5.3"]
[White "Pichl, Christoph"]
[Black "Menne, Lukas"]
[Result "1-0"]
[WhiteElo "1617"]
[BlackElo "1190"]
[PlyCount "111"]
[EventDate "2022.08.13"]
[EventType "team-swiss"]
[EventRounds "7"]
[EventCountry "GER"]
[SourceTitle "EXT 2023"]
[Source "ChessBase"]
[SourceDate "2022.10.05"]
[SourceVersion "1"]
[SourceVersionDate "2022.10.05"]
[SourceQuality "1"]
[WhiteTeam "Bad Homburg"]
[BlackTeam "Barnim"]
[WhiteTeamCountry "GER"]
[BlackTeamCountry "GER"]

1. d4 d5 2. c4 e6 3. Nc3 Nf6 4. Bg5 Be7 5. e3 c6 6. Nf3 0-0 7. Bd3 Nbd7 8. 0-0 c5 9. Rc1 b6 10. cxd5 Nxd5 11. Bxe7 Qxe7 12. Be4 Bb7 13. Bxd5 exd5 14. dxc5 Nxc5 15. Nxd5 Bxd5 16. Qxd5 Rfd8 17. Qc4 Rd7 18. Rfd1 Rad8 19. Rxd7 Qxd7 20. Nd4 g6 21. h3 Re8 22. b4 Ne6 23. Nxe6 Qxe6 24. Qxe6 Rxe6 25. Rc7 a6 26. Kf1 Kg7 27. Ke2 Rd6 28. a4 b5 29. axb5 axb5 30. Rb7 Rd5 31. f3 g5 32. e4 Re5 33. Ke3 Kg6 34. Rb6+ f6 35. g4 h6 36. Kd4 Kf7 37. Rb7+ Kg8 38. Rc7 Re8 39. Rc5 Rd8+ 40. Rd5 Rxd5+ 41. Kxd5 Kf7 42. Kc5 Ke6 43. Kxb5 Ke5 44. Kc4 Kf4 45. b5 Kxf3 46. b6 Kg3 47. b7 Kxh3 48. b8Q Kxg4 49. Qc8+ Kg3 50. Qf5 h5 51. Qxf6 g4 52. Qf1 h4 53. Qg1+ Kh3 54. Kd3 g3 55. Ke3 g2 56. Kf2 1-0

[Event "GER-chT U14"]
[Site "Willingen"]
[Date "2022.08.13"]
[Round "1.7"]
[White "Yue, Qihang"]
[Black "Pichl, Christoph"]
[Result "0-1"]
[WhiteElo "1401"]
[BlackElo "1617"]
[PlyCount "158"]
[EventDate "2022.08.13"]
[EventType "team-swiss"]
[EventRounds "7"]
[EventCountry "GER"]
[SourceTitle "EXT 2023"]
[Source "ChessBase"]
[SourceDate "2022.10.05"]
[SourceVersion "1"]
[SourceVersionDate "2022.10.05"]
[SourceQuality "1"]
[WhiteTeam "Ingelheim"]
[BlackTeam "Bad Homburg"]
[WhiteTeamCountry "GER"]
[BlackTeamCountry "GER"]

1. d4 Nf6 2. c4 e6 3. Nc3 Bb4 4. Nf3 d5 5. e3 0-0 6. Bd3 c5 7. cxd5 Nxd5 8. Qc2 h6 9. a3 Bxc3+ 10. bxc3 cxd4 11. cxd4 Nc6 12. 0-0 Bd7 13. e4 Nf6 14. Be3 Ne7 15. Ne5 Bc6 16. Nxc6 Nxc6 17. Qb2 Qd7 18. h3 Rfd8 19. d5 exd5 20. Bxh6 Qe6 21. exd5 Qxd5 22. Rfd1 Qe5 23. Qxb7 Na5 24. Bf4 Qxf4 25. Qb5 Qc7 26. Rac1 Qb6 27. Qa4 Rd6 28. Qf4 Rad8 29. Bc2 Nb7 30. Rxd6 Qxd6 31. Qg5 Qd2 32. Qxd2 Rxd2 33. Bb1 Nd6 34. f3 Kf8 35. Kh2 Rb2 36. Bd3 Rb3 37. Rd1 Rxa3 38. Bf1 Ke7 39. Rc1 Nfe8 40. Re1+ Kd7 41. Rd1 a6 42. Bc4 f6 43. Bf7 Kc7 44. Rc1+ Kb6 45. Rb1+ Ka7 46. Bg6 Rc3 47. Re1 Rc8 48. Re7+ Kb6 49. g4 a5 50. Re3 a4 51. f4 Nc7 52. Ra3 Ka5 53. Bc2 Nd5 54. Rxa4+ Kb5 55. Bb3 Rc3 56. Bd1 Rd3 57. Be2 Kxa4 58. Bxd3 Nxf4 59. Bc2+ Kb4 60. Kg3 Ne6 61. h4 Kc3 62. Bb1 Kd4 63. Kf3 Ke5 64. Bg6 Nb5 65. Bd3 Nc3 66. g5 fxg5 67. hxg5 Nxg5+ 68. Kg4 Kf6 69. Bf5 Nd5 70. Bd3 Nf7 71. Bb1 Nh6+ 72. Kg3 Kg5 73. Be4 Nf5+ 74. Kf3 Nh4+ 75. Kg3 Ne7 76. Bb1 Nef5+ 77. Kf2 Kf4 78. Ba2 g5 79. Bd5 Nd6 0-1

[Event "Heusenstamm Sparkassen op-B 7th"]
[Site "Heusenstamm"]
[Date "2021.11.21"]
[Round "7.13"]
[White "Pichl, Christoph"]
[Black "Spelleken, Hans Gerd"]
[Result "1-0"]
[WhiteElo "1528"]
[BlackElo "1691"]
[PlyCount "89"]
[EventDate "2021.11.18"]
[EventType "swiss"]
[EventRounds "7"]
[EventCountry "GER"]
[SourceTitle "EXT 2023"]
[Source "ChessBase"]
[SourceDate "2022.10.05"]
[SourceVersion "1"]
[SourceVersionDate "2022.10.05"]
[SourceQuality "1"]

1. d4 Nf6 2. Bf4 d5 3. e3 Bf5 4. Bd3 Bg6 5. Nd2 Bxd3 6. cxd3 Nc6 7. Qb3 Qd7 8. h3 e6 9. Ngf3 Bd6 10. Bxd6 Qxd6 11. 0-0 0-0 12. Rac1 Rab8 13. Rfd1 Nd7 14. e4 f5 15. Qc3 f4 16. Nb3 Rfc8 17. Nc5 Nd8 18. Qd2 Nxc5 19. dxc5 Qf8 20. exd5 exd5 21. Ne5 Ra8 22. c6 Qf6 23. cxb7 Nxb7 24. d4 Nd6 25. Rc6 Qf5 26. Qa5 Qe6 27. Rxc7 Nf5 28. Rxc8+ Rxc8 29. Qxa7 Nh4 30. Qd7 Qxd7 31. Nxd7 Rc2 32. Rb1 Rd2 33. a4 Nf5 34. b4 Nxd4 35. b5 Ra2 36. b6 Rxa4 37. Ne5 h5 38. b7 Ne2+ 39. Kf1 Nc3 40. b8Q+ Kh7 41. Qb3 d4 42. Qc2+ d3 43. Qxd3+ Ne4 44. f3 g6 45. fxe4 1-0

[Event "Heusenstamm Sparkassen op-B 7th"]
[Site "Heusenstamm"]
[Date "2021.11.21"]
[Round "6.20"]
[White "Spelleken, Mark"]
[Black "Pichl, Christoph"]
[Result "0-1"]
[WhiteElo "1434"]
[BlackElo "1528"]
[PlyCount "102"]
[EventDate "2021.11.18"]
[EventType "swiss"]
[EventRounds "7"]
[EventCountry "GER"]
[SourceTitle "EXT 2023"]
[Source "ChessBase"]
[SourceDate "2022.10.05"]
[SourceVersion "1"]
[SourceVersionDate "2022.10.05"]
[SourceQuality "1"]

1. d4 Nf6 2. c4 e6 3. Nc3 Bb4 4. a3 Bxc3+ 5. bxc3 0-0 6. Bg5 d5 7. Nf3 Nbd7 8. cxd5 exd5 9. e3 c6 10. Ne5 Qa5 11. Qb3 Ne4 12. Be7 Re8 13. Bb4 Qc7 14. Nxd7 Bxd7 15. Bd3 c5 16. Bxe4 dxe4 17. Bxc5 b6 18. Qd5 bxc5 19. dxc5 Rac8 20. Rb1 Be6 21. Qb7 Qxc5 22. Rc1 Qxa3 23. 0-0 Rb8 24. Qxe4 Qc5 25. Qa4 Bc4 26. Rfe1 a5 27. h3 Bb3 28. Qd7 Red8 29. Qg4 a4 30. Rb1 Ra8 31. Qh4 Rdb8 32. Qf4 Rc8 33. Rec1 Be6 34. Ra1 a3 35. e4 h6 36. Qd2 Qc4 37. f3 Rcb8 38. Rc2 a2 39. Kf2 Rb1 40. Rc1 Rab8 41. Ke1 Rxa1 42. Rxa1 Rb1+ 43. Rxb1 axb1Q+ 44. Kf2 Qba2 45. Ke3 Qxd2+ 46. Kxd2 g5 47. Kc2 Qe2+ 48. Kc1 Kf8 49. Kb1 Bb3 50. g3 Qc2+ 51. Ka1 Qa2# 0-1

[Event "GER-ch Net Amateur Gr-C Final"]
[Site "Playchess.com INT"]
[Date "2020.04.18"]
[Round "9"]
[White "Pichl, Christoph"]
[Black "Fernandez, Thomas"]
[Result "0-1"]
[WhiteElo "1557"]
[BlackElo "1515"]
[PlyCount "124"]
[EventDate "2020.04.18"]
[EventType "swiss (blitz)"]
[EventRounds "13"]
[EventCountry "GER"]
[SourceTitle "CBM 195 Extra"]
[Source "ChessBase"]
[SourceDate "2020.05.31"]
[SourceVersion "1"]
[SourceVersionDate "2020.05.31"]
[SourceQuality "1"]

1. e4 e6 2. Nf3 d5 3. exd5 exd5 4. Nc3 Nf6 5. Bb5+ Bd7 6. Bxd7+ Nbxd7 7. 0-0 Be7 8. d3 0-0 9. Bg5 h6 10. Bh4 c6 11. d4 Re8 12. Re1 Nf8 13. Bxf6 Bxf6 14. Rxe8 Qxe8 15. Qd2 Ng6 16. Re1 Qd7 17. Ne2 Rf8 18. Nf4 Nxf4 19. Qxf4 Re8 20. Rxe8+ Qxe8 21. h3 a6 22. Qc7 Qe7 23. Qxe7 Bxe7 24. Ne5 Bf6 25. f4 Kf8 26. Kf2 Ke7 27. Ke3 Ke6 28. g4 Bh4 29. f5+ Ke7 30. c4 f6 31. Nf3 Bg5+ 32. Kd3 Kd6 33. c5+ Kd7 34. a4 a5 35. Ne1 Bh4 36. Nc2 Kc7 37. b4 axb4 38. Nxb4 b6 39. Nc2 Bf2 40. Ne3 Bg1 41. cxb6+ Kxb6 42. Nd1 Ka5 43. Nb2 Kb4 44. h4 Bf2 45. h5 Be1 46. Kc2 Bc3 47. Nd3+ Kc4 48. Nb2+ Kxd4 49. Kb3 Bxb2 50. Kxb2 Kc5 51. Kb3 Kb6 52. Kb4 c5+ 53. Kb3 Ka5 54. Ka3 d4 55. Kb3 Kb6 56. Kc4 Ka5 57. Kb3 Kb6 58. Kc4 Kc6 59. a5 Kb7 60. Kd3 Ka6 61. Kc4 Kxa5 62. Kxc5 d3 0-1

[Event "GER-ch Net Amateur Gr-C Final"]
[Site "Playchess.com INT"]
[Date "2020.04.18"]
[Round "3"]
[White "Pichl, Christoph"]
[Black "Pflugbeil, Julian"]
[Result "0-1"]
[WhiteElo "1557"]
[BlackElo "1420"]
[PlyCount "72"]
[EventDate "2020.04.18"]
[EventType "swiss (blitz)"]
[EventRounds "13"]
[EventCountry "GER"]
[SourceTitle "CBM 195 Extra"]
[Source "ChessBase"]
[SourceDate "2020.05.31"]
[SourceVersion "1"]
[SourceVersionDate "2020.05.31"]
[SourceQuality "1"]

1. e4 d5 2. e5 Nc6 3. d4 Bf5 4. Bd3 Bg6 5. Nf3 e6 6. Nc3 Nge7 7. Bg5 h6 8. Bh4 Bf5 9. Bxf5 exf5 10. h3 g6 11. Qd2 g5 12. Bg3 f4 13. Bh2 Nf5 14. 0-0-0 Be7 15. g4 fxg3 16. fxg3 Qd7 17. g4 Ng7 18. Rde1 Ne6 19. Rhf1 0-0-0 20. a3 h5 21. Rh1 hxg4 22. hxg4 Rh3 23. Ref1 Rdh8 24. Ng1 R3h6 25. Rxf7 Nexd4 26. Rf1 Ne6 27. Nf3 d4 28. Ne4 Qd5 29. Nf6 Bxf6 30. exf6 Qa2 31. Kd1 Qxb2 32. Nxg5 Nxg5 33. Qxg5 Rxh2 34. Rxh2 Rxh2 35. Qf5+ Kd8 36. f7 Qb1# 0-1

[Event "GER-ch Net Amateur Gr-C Final"]
[Site "Playchess.com INT"]
[Date "2020.04.18"]
[Round "12"]
[White "Pichl, Christoph"]
[Black "Schenk, Michael"]
[Result "1-0"]
[WhiteElo "1557"]
[BlackElo "1373"]
[PlyCount "67"]
[EventDate "2020.04.18"]
[EventType "swiss (blitz)"]
[EventRounds "13"]
[EventCountry "GER"]
[SourceTitle "CBM 195 Extra"]
[Source "ChessBase"]
[SourceDate "2020.05.31"]
[SourceVersion "1"]
[SourceVersionDate "2020.05.31"]
[SourceQuality "1"]

1. d4 Nf6 2. Bf4 g6 3. Nc3 Bg7 4. e4 d6 5. Nf3 0-0 6. e5 dxe5 7. dxe5 Nfd7 8. e6 fxe6 9. Bd2 Nc6 10. Bc4 Nf6 11. 0-0 Kh8 12. Re1 e5 13. Nxe5 Nxe5 14. Rxe5 Ng4 15. Rd5 Qe8 16. f3 c6 17. Rd3 Ne5 18. Re3 Nxc4 19. Re2 Bd4+ 20. Kh1 Nxb2 21. Qe1 e6 22. Rb1 Nc4 23. Ne4 Nxd2 24. Qxd2 Bg7 25. Nd6 Qd7 26. Rbe1 e5 27. c4 Rf6 28. c5 b6 29. Rxe5 Bb7 30. R5e2 Rxd6 31. cxd6 Ba6 32. Re7 Bc3 33. Qxc3+ Kg8 34. Rxd7 1-0

[Event "GER-ch Net Amateur Gr-C Final"]
[Site "Playchess.com INT"]
[Date "2020.04.18"]
[Round "11"]
[White "Wartenberg, Alexander"]
[Black "Pichl, Christoph"]
[Result "1-0"]
[WhiteElo "1511"]
[BlackElo "1557"]
[PlyCount "43"]
[EventDate "2020.04.18"]
[EventType "swiss (blitz)"]
[EventRounds "13"]
[EventCountry "GER"]
[SourceTitle "CBM 195 Extra"]
[Source "ChessBase"]
[SourceDate "2020.05.31"]
[SourceVersion "1"]
[SourceVersionDate "2020.05.31"]
[SourceQuality "1"]

1. e4 c6 2. d4 d5 3. exd5 cxd5 4. Nf3 Bf5 5. Nc3 Nf6 6. Bb5+ Nbd7 7. 0-0 e6 8. Bg5 Be7 9. Ne5 h6 10. Bxf6 gxf6 11. Nxd7 e5 12. Nb6+ Kf8 13. Nxa8 Qxa8 14. dxe5 fxe5 15. Qxd5 Rg8 16. Qxe5 Bh3 17. g3 b6 18. f3 Bh4 19. Qd6+ Kg7 20. Qd4+ Kh7 21. Qxh4 Bxf1 22. Rxf1 1-0

[Event "GER-ch Net Amateur Gr-C Vor3"]
[Site "Playchess.com INT"]
[Date "2020.04.16"]
[Round "7"]
[White "Pichl, Christoph"]
[Black "Krishnachandran, Srihari"]
[Result "0-1"]
[WhiteElo "1571"]
[BlackElo "1748"]
[PlyCount "35"]
[EventDate "2020.04.16"]
[EventType "swiss (blitz)"]
[EventRounds "9"]
[EventCountry "GER"]
[SourceTitle "CBM 195 Extra"]
[Source "ChessBase"]
[SourceDate "2020.05.31"]
[SourceVersion "1"]
[SourceVersionDate "2020.05.31"]
[SourceQuality "1"]

1. e4 c5 2. Nf3 Nc6 3. d4 cxd4 4. Nxd4 Nf6 5. Nc3 e5 6. Nxc6 bxc6 7. Bg5 Rb8 8. Rb1 h6 9. Bh4 Qa5 10. Bxf6 Rxb2 11. Bxe5 Qxe5 12. Kd2 Bb4 13. Rxb2 Qxc3+ 14. Ke2 Ba6+ 15. Qd3 Bxd3+ 16. cxd3 Qxb2+ 17. Ke3 Bc5+ 18. Kf3 0-1

[Event "GER-ch Net Amateur Gr-C Vor2"]
[Site "Playchess.com INT"]
[Date "2020.04.15"]
[Round "9"]
[White "Pichl, Christoph"]
[Black "Mueller, Cosima"]
[Result "0-1"]
[WhiteElo "1545"]
[BlackElo "1402"]
[PlyCount "56"]
[EventDate "2020.04.15"]
[EventType "swiss (blitz)"]
[EventRounds "9"]
[EventCountry "GER"]
[SourceTitle "CBM 196 Extra"]
[Source "ChessBase"]
[SourceDate "2020.07.31"]
[SourceVersion "1"]
[SourceVersionDate "2020.07.31"]
[SourceQuality "1"]

1. e4 c5 2. Nf3 d6 3. d4 cxd4 4. Nxd4 Nf6 5. Nc3 Nc6 6. Bc4 g6 7. Be3 Bg7 8. f3 0-0 9. Qd2 Bd7 10. Bh6 Nh5 11. Bxg7 Nxg7 12. 0-0 Qb6 13. Qd3 Nxd4 14. Kh1 Be6 15. Bxe6 fxe6 16. Rfd1 e5 17. b3 Rac8 18. Nd5 Qc7 19. Nxc7 Rxc7 20. c4 Nh5 21. g3 Rxf3 22. Qd2 b5 23. cxb5 Rc2 24. Qa5 Rff2 25. Rac1 Rxh2+ 26. Kg1 Rcg2+ 27. Kf1 Nxg3+ 28. Ke1 Rh1# 0-1

[Event "GER-ch Net Amateur Gr-C Vor1"]
[Site "Playchess.com INT"]
[Date "2020.04.14"]
[Round "5"]
[White "Pichl, Christoph"]
[Black "Stadtmueller, Max"]
[Result "1-0"]
[WhiteElo "1620"]
[BlackElo "1620"]
[PlyCount "151"]
[EventDate "2020.04.14"]
[EventType "swiss (blitz)"]
[EventRounds "9"]
[EventCountry "GER"]
[SourceTitle "CBM 196 Extra"]
[Source "ChessBase"]
[SourceDate "2020.07.31"]
[SourceVersion "1"]
[SourceVersionDate "2020.07.31"]
[SourceQuality "1"]

1. e4 c6 2. d4 d5 3. e5 g6 4. Bd3 Bg7 5. Nf3 f6 6. exf6 Nxf6 7. 0-0 0-0 8. Bg5 Bg4 9. Nbd2 Nbd7 10. c3 Rc8 11. h3 Bxf3 12. Nxf3 c5 13. Re1 c4 14. Bc2 Re8 15. Ne5 Qc7 16. Nxd7 Qxd7 17. Qd2 Rf8 18. Re2 Rf7 19. Rae1 Rcf8 20. Bh4 Qc7 21. Bg3 Qd7 22. b3 b5 23. b4 Nh5 24. Bh4 Bf6 25. Bxf6 Nxf6 26. g4 Ne8 27. a3 Ng7 28. Qe3 Re8 29. Qg3 Ref8 30. h4 Ne8 31. h5 g5 32. Qg2 Nf6 33. Bf5 Qd6 34. Re6 Qd8 35. Ra6 Qa8 36. Rae6 Re8 37. R6e2 a5 38. Re6 a4 39. R6e2 Qa7 40. Be6 Qb7 41. Bxf7+ Kxf7 42. Qf3 h6 43. Re6 Qb8 44. Qf5 Qf4 45. Qg6+ Kf8 46. Qf5 Qxg4+ 47. Qxg4 Nxg4 48. Rxe7 Nf6 49. R7e6 Rxe6 50. Rxe6 Kf7 51. Ra6 Ne4 52. Rb6 Nxc3 53. Kg2 Kg7 54. Kf3 Nd1 55. Rxb5 Nc3 56. Rb7+ Kf6 57. Kg4 Nb1 58. Rb6+ Kg7 59. Ra6 Nxa3 60. Rxa4 Nc2 61. Ra7+ Kf6 62. b5 Nxd4 63. b6 c3 64. b7 c2 65. Ra1 Ne2 66. b8Q c1Q 67. Qd6+ Kf7 68. Rxc1 Nxc1 69. Qxd5+ Kg7 70. Qd7+ Kh8 71. Qc8+ Kg7 72. Qxc1 Kh8 73. Kf5 Kh7 74. Qc7+ Kh8 75. Kg6 Kg8 76. Qg7# 1-0

[Event "GER-ch Net Amateur Gr-C Vor1"]
[Site "Playchess.com INT"]
[Date "2020.04.14"]
[Round "7"]
[White "Segermann, Nils"]
[Black "Pichl, Christoph"]
[Result "1-0"]
[WhiteElo "1829"]
[BlackElo "1620"]
[PlyCount "81"]
[EventDate "2020.04.14"]
[EventType "swiss (blitz)"]
[EventRounds "9"]
[EventCountry "GER"]
[SourceTitle "CBM 196 Extra"]
[Source "ChessBase"]
[SourceDate "2020.07.31"]
[SourceVersion "1"]
[SourceVersionDate "2020.07.31"]
[SourceQuality "1"]

1. e4 c6 2. Bc4 d5 3. exd5 cxd5 4. Bb3 Nf6 5. Nf3 Bf5 6. 0-0 e6 7. d3 Bd6 8. Bg5 0-0 9. Nd4 Bg6 10. Nf3 Nbd7 11. Re1 Qc7 12. c3 Rfe8 13. Bxf6 Nxf6 14. d4 Ne4 15. Nbd2 Rac8 16. Bc2 Nxd2 17. Qxd2 Bxc2 18. Qxc2 b5 19. g3 a5 20. a3 Qb6 21. Ng5 g6 22. Qe2 b4 23. axb4 axb4 24. Qf3 Qb7 25. h4 h6 26. Nh3 bxc3 27. bxc3 Qc7 28. Rac1 Red8 29. Qe3 Kh7 30. Qf3 Re8 31. Kg2 Qc6 32. Ng1 Qc7 33. Ne2 Re7 34. Qf6 Qd8 35. Ng1 Rec7 36. Qf3 Bb4 37. cxb4 Rxc1 38. Qxf7+ Kh8 39. Rxe6 Qg8 40. Qf6+ Kh7 41. Re7+ 1-0